00594cam a2200145 a 4500020004300000041001200043082001600055245005400071260011100125300003000236500011000266650002700376700002400403700002100427 a9780300176667 (hardcover : alk. paper) aENGLISH00a759.54bDAL00aPrinces and painters in Mughal Delhi, 1707-1857 / aNew York :bAsia Society Museum ;aNew Haven [Conn.] :bIn association with Yale University Press,cc2012. axi, 212 p. :bcol. ill. ; aPublished on the occasion of an exhibition held at the Asia Society Museum. New York, Feb. 7-May 6, 2012. 0aPainting, Mogul Empire1 aDalrymple, William.1 aSharma, Yuthika.